000 00330nam a22001457a 4500
008 240312b |||||||| |||| 00| 0 eng d
020 _a9789385529283
040 _a02
082 _a615.004(SUB)
100 _aSUBRAHMANYAM,CVS
245 _aCOMPUTER AIDED DRUG DEVELOPMENT
260 _bVALLABH
300 _a342
942 _c01
999 _c58586
_d58586